000 00444nam a2200193Ia 4500
005 20240823021640.0
008 240823s9999||||xx |||||||||||||| ||und||
020 _a978-81-7223-483-6
041 _aENGLISH
082 _A823 P6
100 _aSidney Sheldon
245 4 _aThe Doomsday Conspiracy
250 _a1st
260 _c2006
_b"Harper Collins,New"
500 _aYES
650 _aNovel
_bEnglish
942 _cBK
999 _c177453
_d177453